Otros indicadores de la calidad educativa

Este documento presenta los Otros Indicadores de Calidad Educativa, los cuales fueron elaborados por el Ministerio de Educación, aprobados por el Consejo Nacional de Educación y dictados mediante Decreto Supremo. Los Otros Indicadores de Calidad son un conjunto de índices que entregan información re...

Full description

Bibliographic Details
Corporate Author: Chile. Ministerio de Educación
Format: Libro
Language:Spanish
Published: Santiago, Chile : Ministerio de Educación, 2014.
Subjects:
Online Access:Acceso electrónico al documento

MARC

LEADER 00000nam a22000007a 4500
008 200409s2014 cl |||| o|||| 00| 0 spa d
952 |0 0  |1 0  |2 ddc  |4 0  |6 RECURSO_ELECTRONICO  |7 0  |8 BAS  |9 93795  |a BC  |b BC  |c General  |d 2020-04-25  |l 0  |o RECURSO ELECTRONICO  |r 2020-04-25 00:00:00  |w 2020-04-25  |y BK  |A 134  |B LENG 
999 |c 53412  |d 53412 
040 |a UAHC  |c UAHC 
110 |a Chile.  |b Ministerio de Educación  |9 1825 
245 |a Otros indicadores de la calidad educativa  |c Ministerio de Educación. 
260 |a Santiago, Chile :   |b Ministerio de Educación,  |c 2014. 
300 |a 90 p. 
500 |a Sitio visitado https://curriculumnacional.mineduc.cl/614/articles-70791_estandar.pdf el 25 de abril de 2020. 
520 |a Este documento presenta los Otros Indicadores de Calidad Educativa, los cuales fueron elaborados por el Ministerio de Educación, aprobados por el Consejo Nacional de Educación y dictados mediante Decreto Supremo. Los Otros Indicadores de Calidad son un conjunto de índices que entregan información relacionada con el desarrollo personal y social de los estudiantes de un establecimiento de manera complementaria a los resultados en la prueba Simce y al logro de los Estándares de Aprendizaje. Así, estos indicadores amplían el concepto de calidad de la educación al incluir aspectos que van más allá del dominio del conocimiento académico.Los Otros Indicadores de Calidad se inscriben dentro de los requerimientos estipulados por el Sistema Nacional de Aseguramiento de la Calidad de la Educación y serán evaluados por la Agencia de Calidad de la Educación por medio de instrumentos y procedimientos aplicables a todos los establecimientos educacionales del país reconocidos oficialmente por el Estado. 
650 0 |9 757  |a Calidad de la educación  |z Chile 
650 0 |9 11803  |a Evaluación educacional  |z Chile   |x Estadísticas  
856 |u https://curriculumnacional.mineduc.cl/614/articles-70791_estandar.pdf  |y Acceso electrónico al documento 
900 |a Recurso electrónico 
942 |c BK  |2 ddc